[Event "Olomouc Chess Summer 2022 - B1"]
[Site "Olomouc (CZE), Hotel Flora"]
[Date "2022.08.20"]
[Round "9"]
[Board "1"]
[White "Gimenez Menchon, Cesar"]
[Black "Jurek, Josef"]
[Result "1-0"]
[WhiteElo "2205"]
[BlackElo "2212"]
[PlyCount "0"]
[EventDate "2022.08.13"]
[EventRounds "9"]
[EventCountry "CZE"]

1. e4 {[%clk 1:24:13]} e6 {[%clk 1:30:36]} 2. d4 {[%clk 1:24:27]} d5
{[%clk 1:30:56]} 3. Bd3 {[%clk 1:24:44]} dxe4 {[%clk 1:28:53]} 4. Bxe4
{[%clk 1:25:08]} Nf6 {[%clk 1:28:53]} 5. Bf3 {[%clk 1:25:33]} c5 {[%clk 1:28:16]}
6. Ne2 {[%clk 1:25:57]} Nc6 {[%clk 1:27:54]} 7. Be3 {[%clk 1:26:21]} cxd4
{[%clk 1:23:11]} 8. Nxd4 {[%clk 1:26:44]} Ne5 {[%clk 1:22:56]} 9. Nc3
{[%clk 1:26:56]} a6 {[%clk 1:19:34]} 10. Qe2 {[%clk 1:25:15]} Nxf3+
{[%clk 1:17:57]} 11. Qxf3 {[%clk 1:25:34]} e5 {[%clk 1:14:48]} 12. Nb3
{[%clk 0:57:56]} Qc7 {[%clk 1:06:21]} 13. O-O-O {[%clk 0:48:17]} Bb4
{[%clk 1:00:31]} 14. Bg5 {[%clk 0:42:31]} Bxc3 {[%clk 0:47:37]} 15. Bxf6
{[%clk 0:42:18]} gxf6 {[%clk 0:46:59]} 16. Qxf6 {[%clk 0:40:58]} Rg8
{[%clk 0:46:23]} 17. bxc3 {[%clk 0:39:49]} Qe7 {[%clk 0:45:19]} 18. Qb6
{[%clk 0:31:55]} Rxg2 {[%clk 0:40:44]} 19. Rhg1 {[%clk 0:26:35]} Rg6
{[%clk 0:36:35]} 20. Qa5 {[%clk 0:20:17]} Bd7 {[%clk 0:21:05]} 21. Rge1
{[%clk 0:15:46]} Bb5 {[%clk 0:15:48]} 22. Rd5 {[%clk 0:15:33]} b6
{[%clk 0:06:00]} 23. Rdxe5 {[%clk 0:14:45]} bxa5 {[%clk 0:06:28]} 24. Rxe7+
{[%clk 0:15:06]} Kf8 {[%clk 0:06:44]} 25. Rc7 {[%clk 0:09:40]} a4
{[%clk 0:04:46]} 26. Nd4 {[%clk 0:09:26]} Rd8 {[%clk 0:04:11]} 27. f4
{[%clk 0:08:35]} Rh6 {[%clk 0:02:47]} 28. Ree7 {[%clk 0:07:35]} Be8
{[%clk 0:01:42]} 29. Nf3 {[%clk 0:06:17]} Rf6 {[%clk 0:01:13]} 30. Re4
{[%clk 0:05:24]} Bc6 {[%clk 0:00:51]} 31. Rd4 {[%clk 0:05:00]} Rxd4
{[%clk 0:00:56]} 32. Nxd4 {[%clk 0:05:20]} Be4 {[%clk 0:00:40]} 33. Kd2
{[%clk 0:03:17]} Rxf4 {[%clk 0:00:54]} 34. Ke3 {[%clk 0:03:41]} Rh4
{[%clk 0:01:13]} 35. Rc4 {[%clk 0:04:02]} f5 {[%clk 0:00:38]} 36. Nxf5
{[%clk 0:04:08]}  1-0

[Event "Olomouc Chess Summer 2022 - B1"]
[Site "Olomouc (CZE), Hotel Flora"]
[Date "2022.08.20"]
[Round "9"]
[Board "2"]
[White "Nytra, Ondrej"]
[Black "Jasny, Stanislav"]
[Result "1/2-1/2"]
[WhiteElo "2202"]
[BlackElo "2248"]
[PlyCount "0"]
[EventDate "2022.08.13"]
[EventRounds "9"]
[EventCountry "CZE"]

1. e4 {[%clk 1:30:51]} e5 {[%clk 1:30:54]} 2. Nf3 {[%clk 1:31:17]} Nc6
{[%clk 1:31:19]} 3. Bb5 {[%clk 1:31:43]} a6 {[%clk 1:31:43]} 4. Ba4
{[%clk 1:32:08]} Nf6 {[%clk 1:32:07]} 5. O-O {[%clk 1:32:32]} Be7
{[%clk 1:32:31]} 6. Re1 {[%clk 1:32:54]} b5 {[%clk 1:32:51]} 7. Bb3
{[%clk 1:33:21]} d6 {[%clk 1:33:14]} 8. c3 {[%clk 1:33:47]} O-O {[%clk 1:33:36]}
9. d4 {[%clk 1:34:14]} Bg4 {[%clk 1:33:20]} 10. Be3 {[%clk 1:34:35]} exd4
{[%clk 1:33:35]}  1/2-1/2

[Event "Olomouc Chess Summer 2022 - B1"]
[Site "Olomouc (CZE), Hotel Flora"]
[Date "2022.08.20"]
[Round "9"]
[Board "3"]
[White "Kusa, Jakub"]
[Black "Kukelko, Alexey"]
[Result "1/2-1/2"]
[WhiteElo "2373"]
[BlackElo "2260"]
[PlyCount "0"]
[EventDate "2022.08.13"]
[EventRounds "9"]
[EventCountry "CZE"]

1. d4 {[%clk 1:30:57]} Nf6 {[%clk 1:21:32]} 2. c4 {[%clk 1:31:16]} e6
{[%clk 1:21:56]} 3. g3 {[%clk 1:31:34]} d5 {[%clk 1:21:38]} 4. Nf3
{[%clk 1:31:44]} Bb4+ {[%clk 1:20:43]} 5. Bd2 {[%clk 1:30:46]} Be7
{[%clk 1:20:59]} 6. Bg2 {[%clk 1:30:17]} O-O {[%clk 1:20:58]} 7. O-O
{[%clk 1:30:25]} c6 {[%clk 1:21:00]} 8. Qc2 {[%clk 1:28:15]} b6 {[%clk 1:19:49]}
9. Rd1 {[%clk 1:27:09]} Bb7 {[%clk 1:19:11]} 10. Bf4 {[%clk 1:26:09]} Nbd7
{[%clk 1:18:55]} 11. Nc3 {[%clk 1:25:29]} dxc4 {[%clk 1:16:06]} 12. Nd2
{[%clk 1:25:07]} Nd5 {[%clk 1:14:34]} 13. Nxc4 {[%clk 1:24:50]} Nxf4
{[%clk 1:15:00]} 14. gxf4 {[%clk 1:25:10]} Qc7 {[%clk 1:13:43]} 15. e3
{[%clk 1:25:32]} Rac8 {[%clk 1:10:46]} 16. Rab1 {[%clk 1:22:02]} Nf6
{[%clk 1:10:49]} 17. b4 {[%clk 1:18:33]} Nd5 {[%clk 1:08:36]} 18. a3
{[%clk 1:14:53]} Rfd8 {[%clk 1:08:33]} 19. Rdc1 {[%clk 1:12:07]} Qb8
{[%clk 1:06:35]} 20. Ne5 {[%clk 1:06:24]} Bd6 {[%clk 1:04:01]} 21. Ne4
{[%clk 1:00:17]} h6 {[%clk 1:03:59]} 22. Nxd6 {[%clk 0:53:49]} Qxd6
{[%clk 1:03:41]} 23. Qa4 {[%clk 0:49:56]} Rc7 {[%clk 1:01:09]} 24. Rb2
{[%clk 0:46:21]} f6 {[%clk 0:58:53]} 25. Nc4 {[%clk 0:43:56]} Qd7
{[%clk 0:53:51]} 26. Qd1 {[%clk 0:40:40]} Ba6 {[%clk 0:43:16]} 27. Rbc2
{[%clk 0:35:44]} Rdc8 {[%clk 0:32:09]} 28. Nb2 {[%clk 0:34:08]} Qd6
{[%clk 0:31:02]} 29. Nc4 {[%clk 0:29:47]} Qd7 {[%clk 0:31:25]} 30. Nb2
{[%clk 0:26:34]} Qd6 {[%clk 0:31:49]} 31. Nc4 {[%clk 0:26:13]}  1/2-1/2

[Event "Olomouc Chess Summer 2022 - B1"]
[Site "Olomouc (CZE), Hotel Flora"]
[Date "2022.08.20"]
[Round "9"]
[Board "4"]
[White "Nagy, Ladislav"]
[Black "Stinka, Jakub"]
[Result "1/2-1/2"]
[WhiteElo "2194"]
[BlackElo "2329"]
[PlyCount "0"]
[EventDate "2022.08.13"]
[EventRounds "9"]
[EventCountry "CZE"]

1. e4 c5 2. Nf3 d6 3. d4 cxd4 4. Qxd4 Nc6 5. Bb5 Bd7 6. Bxc6 Bxc6 7. Nc3 Nf6 8.
Bg5 e6 9. O-O-O Be7 10. Qd3 Qa5 11. Bd2 d5 12. exd5 Nxd5 13. Kb1 Rd8 14. Nd4 Bb4
15. Nxc6 bxc6 16. Nxd5 cxd5 17. Bxb4 Qxb4 18. Qd4 Qxd4 19. Rxd4 Ke7 20. c4 dxc4
21. Rxc4 Rd2 22. Rc2 Rhd8 23. Rhc1 g5 24. Rxd2 Rxd2 25. Rc7+ Kf6 26. Rxa7 Rxf2
27. b4 e5 28. b5 e4 29. Ra3 Ke6 30. b6 Kd7  1/2-1/2

[Event "Olomouc Chess Summer 2022 - B1"]
[Site "Olomouc (CZE), Hotel Flora"]
[Date "2022.08.20"]
[Round "9"]
[Board "5"]
[White "Lalic, Bogdan"]
[Black "Poschadel, Andreas Gregor"]
[Result "1-0"]
[WhiteElo "2415"]
[BlackElo "2073"]
[PlyCount "0"]
[EventDate "2022.08.13"]
[EventRounds "9"]
[EventCountry "CZE"]

1. d4 {[%clk 1:30:57]} Nf6 {[%clk 1:30:51]} 2. c4 {[%clk 1:31:20]} e6
{[%clk 1:31:15]} 3. Nc3 {[%clk 1:31:44]} Bb4 {[%clk 1:31:37]} 4. f3 d5 5. a3
{[%clk 1:32:18]} Be7 {[%clk 1:29:28]} 6. e4 {[%clk 1:32:30]} dxe4
{[%clk 1:29:39]} 7. fxe4 {[%clk 1:32:54]} c5 {[%clk 1:29:45]} 8. d5
{[%clk 1:32:48]} exd5 {[%clk 1:30:03]} 9. exd5 {[%clk 1:32:51]} O-O
{[%clk 1:30:11]} 10. Nf3 {[%clk 1:33:08]} h6 {[%clk 1:27:44]} 11. Bd3
{[%clk 1:32:19]} Bg4 {[%clk 1:27:18]} 12. O-O {[%clk 1:31:41]} a6
{[%clk 1:25:29]} 13. h3 {[%clk 1:31:43]} Bxf3 {[%clk 1:24:01]} 14. Qxf3
{[%clk 1:32:02]} Nbd7 {[%clk 1:22:59]} 15. Bf4 {[%clk 1:30:39]} Qb6
{[%clk 1:21:53]} 16. Na4 {[%clk 1:27:43]} Qa5 {[%clk 1:21:54]} 17. d6
{[%clk 1:27:56]} Bd8 {[%clk 0:55:22]} 18. Bc2 {[%clk 1:27:23]} Rb8
{[%clk 0:48:05]} 19. Rfd1 {[%clk 1:22:38]} b5 {[%clk 0:46:37]} 20. Bd2
{[%clk 1:22:59]} b4 {[%clk 0:46:29]} 21. b3 {[%clk 1:21:05]} Re8 {[%clk 0:25:38]}
22. Re1 {[%clk 1:14:51]} Bb6 {[%clk 0:21:29]} 23. Re7 {[%clk 1:06:03]} Bd8
{[%clk 0:12:36]} 24. Rxe8+ {[%clk 1:00:04]} Nxe8 {[%clk 0:13:04]} 25. Qf5
{[%clk 0:59:28]} Ndf6 {[%clk 0:07:22]} 26. axb4 {[%clk 0:58:52]} cxb4
{[%clk 0:06:20]} 27. Qxa5 {[%clk 0:59:10]} Bxa5 {[%clk 0:06:47]} 28. c5
{[%clk 0:59:31]} Bd8 {[%clk 0:02:27]} 29. Rd1 {[%clk 0:56:56]} a5
{[%clk 0:00:47]} 30. Bf4 {[%clk 0:57:06]} g5 {[%clk 0:00:55]} 31. Bh2
{[%clk 0:57:19]} Kf8 {[%clk 0:00:34]} 32. Bd3 {[%clk 0:54:25]} Nd5
{[%clk 0:00:34]} 33. c6 {[%clk 0:54:33]} Nf4 {[%clk 0:00:41]} 34. Bxf4
{[%clk 0:51:45]} gxf4 {[%clk 0:01:10]} 35. Ba6 {[%clk 0:52:04]} f5
{[%clk 0:00:36]} 36. Bb7 {[%clk 0:52:07]} Kf7 {[%clk 0:00:35]} 37. Kf1
{[%clk 0:52:25]} Kf8 {[%clk 0:00:33]} 38. Nc5 {[%clk 0:52:42]} Kf7
{[%clk 0:00:34]} 39. Na6 {[%clk 0:53:04]} Rxb7 {[%clk 0:00:32]} 40. cxb7
{[%clk 0:53:28]} Nf6 41. b8=Q {[%clk 0:53:47]}  1-0

[Event "Olomouc Chess Summer 2022 - B2"]
[Site "Olomouc (CZE), Hotel Flora"]
[Date "2022.08.13"]
[Round "1"]
[Board "1"]
[White "Nemec, Jachym"]
[Black "Obsivac, Josef"]
[Result "1-0"]
[WhiteElo "2341"]
[BlackElo "2284"]
[PlyCount "0"]
[EventDate "2022.08.13"]
[EventRounds "9"]
[EventCountry "CZE"]

1. d4 {[%clk 1:30:56]} Nf6 {[%clk 1:30:55]} 2. c4 {[%clk 1:31:22]} g6
{[%clk 1:31:11]} 3. Nc3 {[%clk 1:31:47]} Bg7 {[%clk 1:31:37]} 4. e4
{[%clk 1:32:13]} d6 {[%clk 1:32:01]} 5. h3 {[%clk 1:32:36]} O-O {[%clk 1:32:17]}
6. Be3 {[%clk 1:33:00]} Na6 {[%clk 1:32:17]} 7. g4 {[%clk 1:33:23]} c5
{[%clk 1:30:54]} 8. Nge2 {[%clk 1:33:35]} cxd4 {[%clk 1:23:01]} 9. Nxd4
{[%clk 1:33:59]} Nc5 {[%clk 1:22:56]} 10. Bg2 {[%clk 1:34:19]} a6
{[%clk 1:17:44]} 11. O-O {[%clk 1:33:39]} Bd7 {[%clk 1:09:30]} 12. f4
{[%clk 1:25:31]} e5 {[%clk 0:49:43]} 13. fxe5 {[%clk 1:20:29]} dxe5
{[%clk 0:50:01]} 14. Nde2 {[%clk 1:20:30]} Rc8 {[%clk 0:43:14]} 15. g5
{[%clk 1:00:41]} Nh5 {[%clk 0:41:56]} 16. Qd6 {[%clk 0:57:02]} Ne6
{[%clk 0:31:07]} 17. Rad1 {[%clk 0:56:09]} Bc6 {[%clk 0:20:28]} 18. Qxd8
{[%clk 0:42:59]} Rfxd8 {[%clk 0:20:56]} 19. Nd5 {[%clk 0:43:12]} Bf8
{[%clk 0:21:06]} 20. Bf3 {[%clk 0:42:04]} Bxd5 {[%clk 0:18:54]} 21. cxd5
{[%clk 0:41:35]} Nef4 {[%clk 0:15:47]} 22. Bxh5 {[%clk 0:36:55]} Nxh5
{[%clk 0:15:38]} 23. Rc1 {[%clk 0:35:49]} Bd6 {[%clk 0:15:11]} 24. Kg2
{[%clk 0:35:19]} Kf8 {[%clk 0:13:48]} 25. Rxc8 {[%clk 0:34:26]} Rxc8
{[%clk 0:14:16]} 26. Rc1 {[%clk 0:34:46]} Rxc1 {[%clk 0:12:00]} 27. Nxc1
{[%clk 0:35:00]} h6 {[%clk 0:07:28]} 28. h4 {[%clk 0:34:00]} hxg5
{[%clk 0:07:51]} 29. hxg5 {[%clk 0:34:23]} Ke7 {[%clk 0:04:25]} 30. Kf3
{[%clk 0:31:15]} f6 {[%clk 0:02:55]} 31. gxf6+ {[%clk 0:31:38]} Kxf6
{[%clk 0:03:20]} 32. Nd3 {[%clk 0:31:25]} Ng7 {[%clk 0:02:43]} 33. Bc5
{[%clk 0:30:48]} Ne8 {[%clk 0:02:47]} 34. Bf2 {[%clk 0:29:32]} Nc7
{[%clk 0:01:59]} 35. a4 {[%clk 0:27:21]} Ne8 {[%clk 0:02:26]} 36. Bh4+
{[%clk 0:26:36]} g5 {[%clk 0:01:59]} 37. Bg3 {[%clk 0:26:04]} Nc7
{[%clk 0:01:13]} 38. Kg4 {[%clk 0:25:11]} Ne8 {[%clk 0:01:32]} 39. Bh2
{[%clk 0:25:03]} b6 {[%clk 0:00:46]} 40. Bg1 {[%clk 0:22:13]} Kg6
{[%clk 0:00:44]} 41. Bxb6 {[%clk 0:19:59]} Nf6+ {[%clk 0:01:07]} 42. Kf3
{[%clk 0:20:21]} g4+ {[%clk 0:01:08]} 43. Ke3 {[%clk 0:20:29]} Nd7
{[%clk 0:29:21]} 44. Bd8 {[%clk 0:46:49]} Bc5+ {[%clk 0:21:28]} 45. Ke2
{[%clk 0:38:21]} Kf7 {[%clk 0:19:16]} 46. b4 {[%clk 0:37:23]} Bd4
{[%clk 0:19:39]} 47. a5 {[%clk 0:37:16]} Ke8 {[%clk 0:18:13]} 48. Bh4
{[%clk 0:37:17]} Bc3 {[%clk 0:13:23]} 49. Be1 {[%clk 0:34:02]} Bd4
{[%clk 0:13:11]} 50. Bf2 {[%clk 0:33:45]} Bc3 {[%clk 0:13:23]} 51. b5
{[%clk 0:28:58]} Kd8 {[%clk 0:12:15]} 52. bxa6 {[%clk 0:29:04]} Kc8
{[%clk 0:12:38]} 53. Nc5 {[%clk 0:28:23]} Nxc5 {[%clk 0:10:36]} 54. Bxc5
{[%clk 0:28:49]} Bd4 {[%clk 0:10:58]} 55. Bxd4 {[%clk 0:28:45]} exd4
{[%clk 0:11:22]} 56. d6 {[%clk 0:29:05]} g3 {[%clk 0:11:23]} 57. a7
{[%clk 0:29:27]} Kb7 {[%clk 0:11:40]} 58. d7 {[%clk 0:29:46]}  1-0

[Event "Olomouc Chess Summer 2022 - B2"]
[Site "Olomouc (CZE), Hotel Flora"]
[Date "2022.08.13"]
[Round "1"]
[Board "2"]
[White "Paseka, Matyas"]
[Black "Mica, Marek"]
[Result "1/2-1/2"]
[WhiteElo "2218"]
[BlackElo "2297"]
[PlyCount "0"]
[EventDate "2022.08.13"]
[EventRounds "9"]
[EventCountry "CZE"]

1. e4 {[%clk 1:30:57]} e6 {[%clk 1:29:49]} 2. d4 {[%clk 1:31:18]} d5
{[%clk 1:30:11]} 3. Nd2 {[%clk 1:31:40]} c5 {[%clk 1:29:47]} 4. exd5
{[%clk 1:32:00]} Qxd5 {[%clk 1:30:06]} 5. Ngf3 {[%clk 1:32:19]} cxd4
{[%clk 1:30:02]} 6. Bc4 {[%clk 1:32:36]} Qd7 {[%clk 1:29:13]} 7. O-O
{[%clk 1:32:50]} Nc6 {[%clk 1:29:23]} 8. Nb3 {[%clk 1:33:04]} Nf6
{[%clk 1:29:44]} 9. Nbxd4 {[%clk 1:33:20]} Nxd4 {[%clk 1:30:01]} 10. Qxd4
{[%clk 1:33:42]} Qxd4 {[%clk 1:28:31]} 11. Nxd4 {[%clk 1:34:05]} a6
{[%clk 1:27:41]} 12. a4 {[%clk 1:29:05]} Bd7 {[%clk 1:26:12]} 13. Bf4
{[%clk 1:19:14]} Rc8 {[%clk 1:24:52]} 14. Bb3 {[%clk 1:18:30]} Bc5
{[%clk 1:24:05]} 15. Rad1 {[%clk 1:17:09]} O-O {[%clk 1:12:38]} 16. Rfe1
{[%clk 1:02:53]} Rfd8 {[%clk 1:10:37]} 17. c3 {[%clk 1:02:22]} h6
{[%clk 1:04:21]} 18. h3 {[%clk 0:50:51]} Kh7 {[%clk 0:53:34]} 19. Be5
{[%clk 0:49:27]} Be7 {[%clk 0:50:14]} 20. f4 {[%clk 0:35:43]} Bc5
{[%clk 0:34:39]} 21. Kh2 {[%clk 0:30:35]} Ng8 {[%clk 0:28:25]} 22. f5
{[%clk 0:20:38]} exf5 {[%clk 0:27:44]} 23. Bxf7 {[%clk 0:20:57]} Bxa4
{[%clk 0:26:18]} 24. b3 {[%clk 0:20:09]} Bxd4 {[%clk 0:20:58]} 25. Bxd4
{[%clk 0:20:23]} Be8 {[%clk 0:16:22]} 26. Be6 {[%clk 0:12:58]} Bd7
{[%clk 0:15:28]} 27. Bb6 {[%clk 0:13:15]} Bxe6 {[%clk 0:15:52]} 28. Rxd8
{[%clk 0:13:28]} Rxd8 {[%clk 0:16:13]} 29. Bxd8 {[%clk 0:13:54]} Bxb3
{[%clk 0:16:35]} 30. Kg3 {[%clk 0:06:02]} Kg6 {[%clk 0:13:15]} 31. Rb1
{[%clk 0:04:33]} Bd5 {[%clk 0:13:13]} 32. Rd1 {[%clk 0:05:00]} Bc6
{[%clk 0:13:01]} 33. Rd6+ {[%clk 0:04:42]} Nf6 {[%clk 0:08:20]} 34. Bxf6
{[%clk 0:04:56]} gxf6 {[%clk 0:08:40]} 35. Rd2 {[%clk 0:04:18]} Kg5
{[%clk 0:07:14]} 36. h4+ {[%clk 0:03:53]} Kh5 {[%clk 0:07:05]} 37. Kf4
{[%clk 0:04:02]} Kg6 {[%clk 0:02:12]} 38. h5+ {[%clk 0:02:18]} Kxh5
{[%clk 0:02:08]} 39. Kxf5 {[%clk 0:02:44]} Kh4 {[%clk 0:02:21]} 40. Kf4
{[%clk 0:00:39]} Kh5 {[%clk 0:02:24]} 41. Kf5 {[%clk 0:11:55]}  1/2-1/2

[Event "Olomouc Chess Summer 2022 - B2"]
[Site "Olomouc (CZE), Hotel Flora"]
[Date "2022.08.13"]
[Round "1"]
[Board "3"]
[White "Saypuri, Srithan"]
[Black "Shubin, Daniel"]
[Result "1-0"]
[WhiteElo "2045"]
[BlackElo "2206"]
[PlyCount "0"]
[EventDate "2022.08.13"]
[EventRounds "9"]
[EventCountry "CZE"]

1. e4 {[%clk 1:30:37]} e6 {[%clk 1:30:59]} 2. d4 {[%clk 1:30:59]} d5
{[%clk 1:31:26]} 3. Nd2 {[%clk 1:31:24]} Be7 {[%clk 1:31:52]} 4. c3
{[%clk 1:31:16]} Nf6 {[%clk 1:31:51]} 5. e5 {[%clk 1:31:30]} Nfd7
{[%clk 1:32:17]} 6. f4 {[%clk 1:31:41]} c5 {[%clk 1:25:46]} 7. Ndf3
{[%clk 1:31:54]} Nc6 {[%clk 1:25:54]} 8. g3 {[%clk 1:31:02]} cxd4
{[%clk 1:19:47]} 9. cxd4 {[%clk 1:31:27]} f5 {[%clk 1:19:00]} 10. Bd3
{[%clk 1:24:51]} O-O {[%clk 1:14:38]} 11. Ne2 {[%clk 1:22:19]} a6
{[%clk 1:12:58]} 12. O-O {[%clk 1:19:27]} b5 {[%clk 1:12:40]} 13. Be3
{[%clk 1:18:33]} Nb6 {[%clk 1:12:11]} 14. b3 {[%clk 1:18:55]} Bd7
{[%clk 1:09:36]} 15. a3 {[%clk 1:12:56]} Rc8 {[%clk 1:04:56]} 16. Qe1
{[%clk 1:09:40]} a5 {[%clk 0:54:01]} 17. Bxb5 {[%clk 1:04:14]} Nxe5
{[%clk 0:53:00]} 18. Bxd7 {[%clk 0:58:07]} Nxf3+ {[%clk 0:49:10]} 19. Rxf3
{[%clk 0:57:22]} Qxd7 {[%clk 0:49:37]} 20. Qxa5 {[%clk 0:52:39]} Ra8
{[%clk 0:49:42]} 21. Qe1 {[%clk 0:49:38]} Bxa3 {[%clk 0:47:54]} 22. Bd2
{[%clk 0:49:43]} Be7 {[%clk 0:41:39]} 23. Rxa8 {[%clk 0:49:28]} Rxa8
{[%clk 0:42:06]} 24. Re3 {[%clk 0:49:48]} Kf7 {[%clk 0:40:09]} 25. Nc1
{[%clk 0:43:35]} Ra1 {[%clk 0:34:13]} 26. Qd1 {[%clk 0:41:28]} Ba3
{[%clk 0:28:17]} 27. Qh5+ {[%clk 0:41:04]} Kg8 {[%clk 0:27:20]} 28. Re1
{[%clk 0:40:45]} Bb2 {[%clk 0:18:11]} 29. Ne2 {[%clk 0:37:22]} Ra3
{[%clk 0:15:16]} 30. Qf3 {[%clk 0:32:02]} Qc6 {[%clk 0:07:31]} 31. Bb4
{[%clk 0:28:09]} Ra8 {[%clk 0:06:57]} 32. Qe3 {[%clk 0:26:42]} Kf7
{[%clk 0:06:22]} 33. Rb1 {[%clk 0:25:17]} Qc2 {[%clk 0:05:46]} 34. Re1
{[%clk 0:24:35]} Ba3 {[%clk 0:03:06]} 35. Bxa3 {[%clk 0:23:44]} Rxa3
{[%clk 0:03:33]} 36. Nc3 {[%clk 0:24:09]} Ra8 {[%clk 0:01:58]} 37. Qxe6+
{[%clk 0:24:34]} Kf8 {[%clk 0:02:27]} 38. Qxb6 {[%clk 0:24:09]} Qxc3
{[%clk 0:02:30]} 39. Qd6+ {[%clk 0:24:35]} Kf7 {[%clk 0:02:59]} 40. Re7+
{[%clk 0:24:47]} Kf8 {[%clk 0:02:58]} 41. Re3+ {[%clk 0:25:11]}  1-0

[Event "Olomouc Chess Summer 2022 - B2"]
[Site "Olomouc (CZE), Hotel Flora"]
[Date "2022.08.13"]
[Round "1"]
[Board "5"]
[White "Biolek, Richard"]
[Black "Wiley, Tom E"]
[Result "1-0"]
[WhiteElo "2402"]
[BlackElo "2169"]
[PlyCount "0"]
[EventDate "2022.08.13"]
[EventRounds "9"]
[EventCountry "CZE"]

1. Nf3 {[%clk 1:30:31]} Nf6 {[%clk 1:30:23]} 2. g3 {[%clk 1:29:56]} d5
{[%clk 1:29:37]} 3. Bg2 {[%clk 1:30:23]} c6 {[%clk 1:29:48]} 4. O-O
{[%clk 1:29:32]} Bf5 {[%clk 1:29:36]} 5. d3 {[%clk 1:29:21]} h6 {[%clk 1:30:01]}
6. b3 {[%clk 1:29:24]} e6 {[%clk 1:30:14]} 7. Bb2 {[%clk 1:29:51]} Be7
{[%clk 1:29:38]} 8. Nbd2 {[%clk 1:26:15]} O-O {[%clk 1:29:57]} 9. c4
{[%clk 1:26:32]} Nbd7 {[%clk 1:29:13]} 10. Rc1 {[%clk 1:25:32]} Bd6
{[%clk 1:23:07]} 11. Rc2 {[%clk 1:25:22]} Qe7 {[%clk 1:23:27]} 12. Qa1
{[%clk 1:25:26]} Ba3 {[%clk 1:21:47]} 13. Bc3 {[%clk 1:18:47]} Bh7
{[%clk 1:08:27]} 14. b4 {[%clk 1:10:47]} Bxb4 {[%clk 1:08:03]} 15. Bxb4
{[%clk 1:10:52]} Qxb4 {[%clk 1:08:28]} 16. Rb2 {[%clk 1:11:08]} Qd6
{[%clk 0:59:17]} 17. Rxb7 {[%clk 1:09:56]} e5 {[%clk 0:46:59]} 18. d4
{[%clk 0:55:19]} exd4 {[%clk 0:40:21]} 19. Qxd4 {[%clk 0:46:04]} Nc5
{[%clk 0:39:31]} 20. Rb2 {[%clk 0:44:14]} Ne6 {[%clk 0:21:14]} 21. Qc3
{[%clk 0:43:26]} Rab8 {[%clk 0:20:23]} 22. Rxb8 {[%clk 0:36:03]} Rxb8
{[%clk 0:16:28]} 23. Qa5 {[%clk 0:35:36]} Qc5 {[%clk 0:15:55]} 24. Qxc5
{[%clk 0:35:36]} Nxc5 {[%clk 0:16:23]} 25. Rc1 {[%clk 0:31:31]} Ne6
{[%clk 0:12:24]} 26. cxd5 {[%clk 0:28:44]} cxd5 {[%clk 0:12:48]} 27. Nb3
{[%clk 0:29:02]} Be4 {[%clk 0:11:50]} 28. Rc6 {[%clk 0:24:02]} Rb6
{[%clk 0:08:58]} 29. Rxb6 {[%clk 0:14:46]} axb6 {[%clk 0:08:41]} 30. Nfd4
{[%clk 0:12:56]} Bb1 {[%clk 0:05:04]} 31. a3 {[%clk 0:13:04]} Ba2
{[%clk 0:05:02]} 32. e3 {[%clk 0:12:39]} g6 {[%clk 0:02:07]} 33. f3
{[%clk 0:07:49]} Kf8 {[%clk 0:02:27]} 34. Bf1 {[%clk 0:07:33]} Bxb3
{[%clk 0:02:28]} 35. Nxb3 {[%clk 0:08:00]} Ke7 {[%clk 0:02:53]} 36. Kf2
{[%clk 0:08:17]} Kd6 {[%clk 0:03:02]} 37. Ke1 {[%clk 0:08:39]} Nd7
{[%clk 0:02:59]} 38. Kd2 {[%clk 0:05:56]} Ndc5 {[%clk 0:01:39]} 39. Nc1
{[%clk 0:06:03]} g5 {[%clk 0:01:12]} 40. Bd3 {[%clk 0:03:04]} Nd7
{[%clk 0:00:44]} 41. f4 {[%clk 0:26:20]} d4 {[%clk 0:26:20]} 42. fxg5
{[%clk 0:25:01]} dxe3+ {[%clk 0:23:43]} 43. Kxe3 {[%clk 0:25:24]} Nxg5
{[%clk 0:24:04]} 44. Nb3 {[%clk 0:18:07]} Nf6 {[%clk 0:22:26]} 45. Kf4
{[%clk 0:14:01]} Ke7 {[%clk 0:13:18]} 46. Nd4 {[%clk 0:11:38]} Ne6+
{[%clk 0:11:13]} 47. Nxe6 {[%clk 0:12:03]} Kxe6 {[%clk 0:11:40]} 48. Bc4+
{[%clk 0:12:25]} Ke7 {[%clk 0:12:04]} 49. Kf5 {[%clk 0:11:41]} Ne8
{[%clk 0:11:41]} 50. Ke5 {[%clk 0:11:56]} Nd6 {[%clk 0:07:30]} 51. Bd3
{[%clk 0:12:10]} Nc8 {[%clk 0:05:40]} 52. Kd5 {[%clk 0:11:18]} Na7
{[%clk 0:06:05]} 53. h4 {[%clk 0:09:18]} Kd7 {[%clk 0:04:37]} 54. a4
{[%clk 0:06:09]} Ke7 {[%clk 0:04:18]} 55. g4 {[%clk 0:06:18]} f6 {[%clk 0:04:02]}
56. Bf5 {[%clk 0:05:31]}  1-0

[Event "Olomouc Chess Summer 2022 - B2"]
[Site "Olomouc (CZE), Hotel Flora"]
[Date "2022.08.14"]
[Round "2"]
[Board "1"]
[White "Obsivac, Josef"]
[Black "Wiley, Tom E"]
[Result "1/2-1/2"]
[WhiteElo "2284"]
[BlackElo "2169"]
[PlyCount "0"]
[EventDate "2022.08.13"]
[EventRounds "9"]
[EventCountry "CZE"]

1. d4 {[%clk 1:28:02]} Nf6 {[%clk 1:30:27]} 2. c4 {[%clk 1:28:27]} e6
{[%clk 1:30:52]} 3. Nf3 {[%clk 1:28:41]} d5 {[%clk 1:31:04]} 4. Nc3
{[%clk 1:28:41]} Be7 {[%clk 1:31:20]} 5. Bg5 {[%clk 1:28:49]} h6 {[%clk 1:31:35]}
6. Bh4 {[%clk 1:28:08]} O-O {[%clk 1:31:55]} 7. e3 {[%clk 1:27:57]} Ne4
{[%clk 1:32:12]} 8. Bxe7 {[%clk 1:27:16]} Qxe7 {[%clk 1:32:38]} 9. Rc1
{[%clk 1:26:53]} Nxc3 {[%clk 1:32:32]} 10. Rxc3 {[%clk 1:27:13]} c6
{[%clk 1:32:38]} 11. h3 {[%clk 1:25:31]} Nd7 {[%clk 1:31:50]} 12. a3
{[%clk 1:18:17]} dxc4 {[%clk 1:25:36]} 13. Bxc4 {[%clk 1:18:32]} b6
{[%clk 1:26:02]} 14. O-O {[%clk 1:13:17]} Bb7 {[%clk 1:26:24]} 15. Qe2
{[%clk 1:11:08]} c5 {[%clk 1:24:45]} 16. Rd1 {[%clk 1:08:53]} Rfd8
{[%clk 1:21:56]} 17. d5 {[%clk 0:58:20]} exd5 {[%clk 1:21:20]} 18. Bxd5
{[%clk 0:58:44]} Bxd5 {[%clk 1:11:34]} 19. Rxd5 {[%clk 0:59:09]} Nf6
{[%clk 1:12:01]} 20. Re5 {[%clk 0:54:07]} Qd6 {[%clk 0:58:32]} 21. Qc4
{[%clk 0:48:39]} Rd7 {[%clk 0:55:49]} 22. e4 {[%clk 0:40:56]} Re8
{[%clk 0:54:33]} 23. Rxe8+ {[%clk 0:39:06]} Nxe8 {[%clk 0:55:00]} 24. e5
{[%clk 0:27:20]} Qd1+ {[%clk 0:53:54]} 25. Kh2 {[%clk 0:27:30]} Nc7
{[%clk 0:53:48]} 26. Qe4 {[%clk 0:24:20]}  1/2-1/2

[Event "Olomouc Chess Summer 2022 - B2"]
[Site "Olomouc (CZE), Hotel Flora"]
[Date "2022.08.14"]
[Round "2"]
[Board "2"]
[White "Camarena Jimenez, Rufino"]
[Black "Biolek, Richard"]
[Result "1/2-1/2"]
[WhiteElo "2308"]
[BlackElo "2402"]
[PlyCount "0"]
[EventDate "2022.08.13"]
[EventRounds "9"]
[EventCountry "CZE"]

1. d4 {[%clk 1:30:57]} d6 {[%clk 1:30:35]} 2. Nf3 {[%clk 1:31:12]} Bg4
{[%clk 1:30:47]} 3. g3 {[%clk 1:30:26]} Bxf3 {[%clk 1:27:44]} 4. exf3
{[%clk 1:30:52]} g6 {[%clk 1:28:10]} 5. f4 {[%clk 1:30:33]} Bg7 {[%clk 1:28:31]}
6. d5 {[%clk 1:25:58]} c6 {[%clk 1:23:29]} 7. c4 {[%clk 1:25:37]} cxd5
{[%clk 1:14:59]} 8. cxd5 {[%clk 1:25:33]} Nf6 {[%clk 1:14:42]} 9. Bg2
{[%clk 1:23:09]} O-O {[%clk 1:14:52]} 10. O-O {[%clk 1:23:28]} Na6
{[%clk 1:15:09]}  1/2-1/2